Statistics for Famous Orphans

Click here to take the quiz!

General Stats

  • This quiz has been taken 15 times
  • The average score is 8 of 15

Answer Stats

DescriptionAnswer% Correct
Most famous Nazi leader.Adolf Hitler
93%
South African civil rights leader and president.Nelson Mandela
93%
Author of Lord of the Rings.J.R.R. Tolkien
79%
American singer of "Like a Virgin"Madonna
79%
Mongol warlord who conquered most of Asia.Genghis Khan
71%
Founder of Islam.Mohammed
71%
Many consider him to be America's best baseball player in history.Babe Ruth
64%
American civil rights leader who was assassinated by the Nation of Islam.Malcolm X
57%
French founder of uranium.Marie Curie
57%
American frontiersman who slaughtered prairie animals.Buffalo Bill
29%
Chinese-American architect of the glass pyramid at the Louvre.I.M. Pei
29%
Russian cosmonaut and first woman to enter space.Valentina Tereshkova
21%
Empress of the Byzantine Empire, wife to Justinian.Theodora
14%
Most famous American female novelist, poet, playwright, and art collectorGertrude Stein
7%
Russia's most famous mystic with a catchy song named after him.Grigori Rasputin
7%

Score Distribution

Percentile by Number Answered

Percent of People with Each Score

Your Score History

You have not taken this quiz